| 000 | 00507nam a2200169 4500 | ||
|---|---|---|---|
| 001 | 127678 | ||
| 003 | ES-MaACL | ||
| 005 | 20250418063156.0 | ||
| 007 | t| | ||
| 008 | 070214s1975 sp r ||||1| spa d | ||
| 100 | 1 |
_aRiquer, Martín de, _d1914-2013 _9240061 |
|
| 245 | 1 | 4 |
_aLos trovadores _b: historia literaria y textos / _cMartín de Riquer. |
| 260 |
_aBarcelona : _bPlaneta, _c1975. |
||
| 300 |
_a3 v., lám. ; _c22 cm. |
||
| 852 |
_aES-MaACL _jA-6078-80 _bR.95206 |
||
| 999 |
_c127678 _d127678 |
||